000 00478nam a22001577a 4500
999 _c40618
_d40618
003 OSt
005 20210122145541.0
008 191015b ||||| |||| 00| 0 eng d
020 _a9789388426824
040 _coclc
082 _a658.007
_bPUR/V
100 _aPuri, Gautam
_98381
245 _aVerbal Ability & Reading Comprehension CAT 2019 /
_cGautam Puri
260 _aNew Delhi:
_bCL Media,
_c2019.
942 _2ddc
_cREF
_h658.007
_iPUR/V
_k658.007
_mPUR/V